| 000 | 00406nam a2200157Ia 4500 | ||
|---|---|---|---|
| 003 | LK-CoDNM | ||
| 008 | 010623t2005 xxu||||| |||| 00| 1 eng d | ||
| 040 |
_aLK-CoDNM _dLK-CoDNM _eLK-CoDNM |
||
| 041 | _aeng | ||
| 080 | _aX 398 KUM | ||
| 100 | _aKumarasinghe,Kulatilaka | ||
| 245 | _aJapanese Folk Drama Sarachchandra's Drama | ||
| 260 |
_bGodage _aColombo _c2005 |
||
| 300 | _b105p, 21 cm | ||
| 942 | _cBK | ||
| 999 |
_c124372 _d124372 |
||